Mechanizmy rezistencie proti beta-laktámom u klinických izolátov čeľade Enterobacteriaceae pochádzajúcich z Fakultnej nemocnice s poliklinikou Nitra

Bibliographic Details
Main Authors: Hornáčková, Petra (Author), Líšková, Anna, 1957- (Author), Michálková-Papajová, Dana (Author)
Format: Article
Language:Slovak

MARC

LEADER 00000naa a2200000uu 4500
001 vtls011060323
003 SK-MaSNL
005 20260302111724.0
008 210906|2008 xo |||||||||||||||||slo|
015 |a SNBRA 
035 |a (urnnbn)urn:nbn:sk:snk:ar-a0c23q 
035 |a (uuid)df4ac05c-aa9e-4965-8ae2-5034a6739ae6 
035 |a urn:nbn:sk:snk-aav8n3 
040 |a SNKBUCL  |b slo  |c SNKBUCL  |e AACR2 
041 0 |a slo 
044 |a xo  |c SK 
100 1 |a Hornáčková, Petra  |4 aut  |9 789631 
245 1 0 |a Mechanizmy rezistencie proti beta-laktámom u klinických izolátov čeľade Enterobacteriaceae pochádzajúcich z Fakultnej nemocnice s poliklinikou Nitra  |c Petra Hornáčková, Anna Líšková, Dana Michálková-Papajová 
700 1 |a Líšková, Anna,  |d 1957-  |4 aut  |9 12660 
700 1 |a Michálková-Papajová, Dana  |4 aut  |9 789610 
773 0 |t Študentská vedecká konferencia  |d Bratislava : Iris, 2008  |g S. 114-116  |z 9788089238163 
958 |a OND 
958 |a article12 
958 |a chapter 
999 |c 1248721  |d 1250651